|
|
|
|
| LEADER |
01675cas a2200241 a 4500 |
| 001 |
AALejournalIMF004681 |
| 008 |
230101c9999 xx r poo 0 0eng d |
| 020 |
|
|
|c 5.00 USD
|
| 020 |
|
|
|z 9781451816969
|
| 022 |
|
|
|a 1934-7685
|
| 040 |
|
|
|a BD-DhAAL
|c BD-DhAAL
|
| 110 |
2 |
|
|a International Monetary Fund.
|
| 245 |
1 |
0 |
|a People's Republic of China-Hong Kong Special Administrative Region :
|b Staff Report for the 2006 Article IV Consultation Discussions.
|
| 264 |
|
1 |
|a Washington, D.C. :
|b International Monetary Fund,
|c 2007.
|
| 300 |
|
|
|a 1 online resource (33 pages)
|
| 490 |
1 |
|
|a IMF Staff Country Reports
|
| 500 |
|
|
|a <strong>Off-Campus Access:</strong> No User ID or Password Required
|
| 500 |
|
|
|a <strong>On-Campus Access:</strong> No User ID or Password Required
|
| 506 |
|
|
|a Electronic access restricted to authorized BRAC University faculty, staff and students
|
| 520 |
3 |
|
|a This 2006 Article IV Consultation highlights that Hong Kong Special Administrative Region has recovered strongly from a series of shocks in recent years and, as expected, the pace of growth is now moderating. Growth was 6.8 percent (year over year) in the first three quarters of 2006, somewhat slower than the 7.3 percent recorded in 2005. Inflation is expected to firm modestly with the tightening labor market and as rents adjust to previous increases in property prices. The current account surplus is expected to narrow with maturing external demand.
|
| 538 |
|
|
|a Mode of access: Internet
|
| 830 |
|
0 |
|a IMF Staff Country Reports; Country Report ;
|v No. 2007/005
|
| 856 |
4 |
0 |
|z Full text available on IMF
|u http://elibrary.imf.org/view/journals/002/2007/005/002.2007.issue-005-en.xml
|z IMF e-Library
|